000 00507nam a22001817a 4500
999 _c20327
_d20327
003 BDDh-ASL
005 20231015025856.0
008 201229s1957 ny ||||| |||| 00| 0 eng d
040 _cBDDh-ASL
082 _a297.09
_bARR
100 1 _91634
_aArberry, A. J.
245 1 0 _aRevelation and Reason in Islam /
260 _aLondon:
_bGeorge Allen & Unwin Ltd.,
_c1957.
300 _a122 p.:
_c19 cm.
504 _aInclude Bibliographical References and Index
650 0 _91652
_aIslam
942 _2ddc
_cBK